[Event "Kieler Open 2017-B"]
[Site "Kiel"]
[Date "2017.08.03"]
[Round "8.12"]
[White "Keir, Robin"]
[Black "Korte, Andreas"]
[Result "0-1"]
[WhiteElo "1594"]
[BlackElo "1534"]
[Annotator "RW"]
[PlyCount "44"]

1.d4 d5 2.Nf3 c6 3.e3 Bg4 4.h3 Bxf3 5.Qxf3 Nf6 6.Bd3 e6 7.Nd2 Bd6 8.0-0 Nbd7 9.e4 dxe4 10.Nxe4 Nxe4 11.Qxe4 Nf6 12.Qe2 Qc7 13.Re1 0-0-0 14.c4 Bh2+ 15.Kh1 Bf4 16.b4 Bxc1 17.Raxc1 Rxd4 18.Rcd1 Rhd8 19.a4 Qd6 20.c5 Qd5 21.Bc2 Qc4 22.Qxc4 Rxc4 23.Rxd8+ Kxd8 24.Rd1+ Kc7 25.Rd2 Rxb4 26.a5 a6 27.Bd1 Rc4 28.Rc2 Ra4 29.Be2 Rxa5 30.f3 Nd7 31.Bd3 g6
0-1

[Event "Kieler Open 2017-B"]
[Site "Kiel"]
[Date "2017.08.03"]
[Round "8.14"]
[White "Weck, Uwe"]
[Black "Gerull, Dirk"]
[Result "0-1"]
[WhiteElo "1618"]
[BlackElo "1558"]
[Annotator "RW"]
[PlyCount "44"]

1.Nf3 d5 2.b3 Bf5 3.Bb2 e6 4.g3 Nf6 5.Bg2 c6 6.0-0 Nbd7 7.d3 Qc7 8.Nbd2 0-0-0 9.e3 Bd6 10.Qe2 h5 11.h4 Bg4 12.c4 Rhg8 13.d4 g5 14.c5 Be7 15.Qe1 Nh7 16.b4 gxh4 17.Nxh4 Bxh4 18.gxh4 Bh3 19.f4 Bxg2 20.Rf2 Be4+ 21.Kh2 Nhf6 22.Nxe4 dxe4 23.Rg2 Rxg2+ 24.Kxg2 Rg8+ 25.Kh3 Ng4 26.a4 Ndf6 27.Qe2 Nd5 28.Bc1 Nxb4 29.Bd2 Nd3 30.a5 Ngf2+ 31.Kh2 Qe7 32.Qxh5 Rg4 33.Qh8+ Kd7 34.h5 Qh4#
0-1

[Event "Kieler Open 2017-B"]
[Site "Kiel"]
[Date "2017.08.03"]
[Round "8.15"]
[White "Stegert, Jonas"]
[Black "Fuhrmann, Bahne"]
[Result "1/2-1/2"]
[WhiteElo "1320"]
[BlackElo "1508"]
[Annotator "RW"]
[PlyCount "141"]

1.e4 Nf6 2.Nc3 d5 3.e5 Nfd7 4.d4 e6 5.Nf3 c5 6.Bg5 Qb6 7.Na4 Qa5+ 8.Nc3
cxd4 9.Nxd4 Nxe5 10.Nb3 Qb6 11.Nb5 Bd7 12.Be3 Qd8 13.Bxa7 Bxb5 14.Bxb5+
Nbc6 15.Be3 Be7 16.0-0 0-0 17.Nd4 Qc7 18.Nf3 Nxf3+ 19.Qxf3 Ne5 20.Qe2 Bd6
21.h3 Ng6 22.c3 e5 23.Rad1 Ne7 24.a4 Rad8 25.Qg4 e4 26.Bh6 Ng6 27.Be3 Qe7
28.Qg5 f6 29.Qxd5+ Rf7 30.Kh1 f5 31.Bc4 Kf8 32.Qxf7+ Qxf7 33.Bxf7 Kxf7
34.Bc5 Be7 35.Rxd8 Bxd8 36.Rd1 Ke8 37.Rd5 f4 38.Kg1 Bf6 39.Bd4 Bh4 40.Bxg7
e3 41.fxe3 fxe3 42.Kf1 e2+ 43.Kxe2 Nf4+ 44.Ke3 Nxd5+ 45.Kd4 Nb6 46.a5 Bf2+
47.Ke4 Nc4 48.b4 Nd6+ 49.Kd5 Kd7 50.Be5 Nf5 51.g4 Ne7+ 52.Kc4 Nc6 53.Bd4
Bg3 54.Bb6 Kd6 55.b5 Ne5+ 56.Kb4 Nd3+ 57.Kb3 Nc5+ 58.Kc4 Nd7 59.Bd4 Ne5+
60.Kb3 Nd3 61.Kc2 Nf4 62.a6 bxa6 63.bxa6 Kc7 64.a7 Kb7 65.Kb3 Nxh3 66.Kc4
Nf2 67.g5 Ne4 68.Kd5 Nxg5 69.Be3 Nf7 70.Ke6 Nd8+ 71.Kd7
1/2-1/2

[Event "Kieler Open 2017-B"]
[Site "Kiel"]
[Date "2017.08.03"]
[Round "8.16"]
[White "Möller, Rainer"]
[Black "Howe, Dietrich"]
[Result "1-0"]
[WhiteElo "1414"]
[BlackElo "1508"]
[Annotator "RW"]
[PlyCount "93"]

1.e4 c5 2.Nf3 e6 3.d4 cxd4 4.Nxd4 a6 5.Nc3 Qc7 6.Nf3 d6 7.Be2 Nf6 8.0-0 b5
9.a3 Bb7 10.Bd3 Nbd7 11.Re1 Be7 12.Bf4 0-0 13.Rc1 Nh5 14.Qd2 Nxf4 15.Qxf4
Nf6 16.Qd2 Rac8 17.Qd1 Rfd8 18.Qe2 g6 19.h3 Bf8 20.Rcd1 Bg7 21.Qe3 Nh5
22.e5 Bxf3 23.Qxf3 Bxe5 24.Bf1 d5 25.Rxe5 Qxe5 26.Rd3 d4 27.Ne2 Rxc2 28.Qb7
Rxe2 29.Bxe2 Qxe2 30.Rf3 Qe1+ 31.Kh2 Qe5+ 32.g3 Qg7 33.Qe7 Re8 34.Qxe8+ Qf8
35.Qc6 Qd8 36.Qe4 Nf6 37.Qe5 Kg7 38.Rd3 Qa8 39.Rxd4 Qb7 40.Rf4 Qe7 41.g4 h6
42.h4 b4 43.axb4 Qd8 44.g5 hxg5 45.hxg5 Qh8+ 46.Kg3 Qh1 47.Qxf6+
1-0

[Event "Kieler Open 2017-B"]
[Site "Kiel"]
[Date "2017.08.03"]
[Round "8.17"]
[White "Solodky, Willy"]
[Black "Mandelkow, Lukas"]
[Result "0-1"]
[WhiteElo "1395"]
[BlackElo "1240"]
[Annotator "RW"]
[PlyCount "84"]

1.d4 Nf6 2.c4 e6 3.Nc3 Bb4 4.Bd2 b6 5.Qc2 Bb7 6.e3 0-0 7.Nf3 d5 8.cxd5 Bxc3
9.bxc3 exd5 10.Bd3 Nbd7 11.0-0 Re8 12.Rfe1 Ne4 13.Bc1 Rb8 14.a4 c5 15.Bb5
c4 16.Nd2 a6 17.Bxd7 Qxd7 18.Nf1 Re6 19.f3 Nd6 20.Ng3 Rbe8 21.Bd2 g6 22.Kf2
Bc6 23.Ne2 Rf6 24.Nf4 g5 25.Nh5 Rh6 26.g4 f5 27.h3 Rf8 28.Kg2 fxg4 29.hxg4
Ne4 30.Qd1 Nxd2 31.Qxd2 Bxa4 32.e4 dxe4 33.Qxg5+ Rg6 34.Qe3 exf3+ 35.Kf2
Qxg4 36.Rg1 Qh4+ 37.Kf1 Qh3+ 38.Ke1 Rxg1+ 39.Qxg1+ Qg2 40.Qxg2+ fxg2 41.Ke2
Bc6 42.Ng3 Rf3
0-1

[Event "Kieler Open 2017-B"]
[Site "Kiel"]
[Date "2017.08.03"]
[Round "8.18"]
[White "Schwerdt, Anton Gabriel"]
[Black "Aden, Tönjes"]
[Result "0-1"]
[WhiteElo "1488"]
[BlackElo "1390"]
[Annotator "RW"]
[PlyCount "58"]

1.e4 e5 2.f4 exf4 3.Nf3 g5 4.h3 d6 5.Bc4 Be6 6.Bxe6 fxe6 7.c3 Nd7 8.Qb3 Nc5
9.Qc2 d5 10.exd5 exd5 11.Qf5 Qe7+ 12.Kd1 Qd6 13.Re1+ Be7 14.d4 Ne4 15.Nxg5
Nxg5 16.Qxg5 0-0-0 17.Qg4+ Kb8 18.Bxf4 Qb6 19.b3 Qb5 20.Qg3 Rd7 21.Na3 Qa5
22.Qg7 Qxc3 23.Qf8+ Rd8 24.Bxc7+ Qxc7 25.Qxd8+ Qxd8 26.Nb5 Qb6 27.a4 a6
28.Re5 axb5 29.Rxd5 Nf6
0-1

[Event "Kieler Open 2017-B"]
[Site "Kiel"]
[Date "2017.08.03"]
[Round "8.19"]
[White "Rempe, Mieke"]
[Black "Harting-Maas, Daniel"]
[Result "1-0"]
[WhiteElo "1393"]
[BlackElo "1346"]
[Annotator "RW"]
[PlyCount "50"]

1.e4 e5 2.Nf3 Nc6 3.Bb5 a6 4.Ba4 Nf6 5.0-0 Nxe4 6.Bxc6 dxc6 7.Re1 Nf6 8.Nxe5
Be6 9.Nc3 Bd6 10.Nf3 0-0 11.Ng5 Re8 12.d3 b5 13.Qf3 Qd7 14.Nxe6 Rxe6 15.Bg5
Qe7 16.Ne4 Be5 17.Nxf6+ Bxf6 18.Rxe6 Qxe6 19.Bxf6 Re8 20.Bc3 c5 21.Qg3 Qh6
22.b4 cxb4 23.Bxb4 Qf6 24.Re1 Rxe1+ 25.Bxe1 Qa1
1-0

[Event "Kieler Open 2017-B"]
[Site "Kiel"]
[Date "2017.08.03"]
[Round "8.20"]
[White "Höfken, Fynn-Lukas"]
[Black "Voges, Jens Christian"]
[Result "1/2-1/2"]
[WhiteElo "792"]
[BlackElo "1250"]
[Annotator "RW"]
[PlyCount "36"]

1.e4 e6 2.Nc3 Bb4 3.d4 Bxc3+ 4.bxc3 d5 5.exd5 exd5 6.Nf3 Nf6 7.Bd3 Qe7+ 8.Qe2
Qxe2+ 9.Bxe2 0-0 10.0-0 Bf5 11.Bd3 Bxd3 12.cxd3 Nbd7 13.Ne5 Nxe5 14.dxe5 Nd7
15.d4 c6 16.Ba3 Rfe8 17.Rab1 Rab8 18.Rfe1 b6
1/2-1/2

[Event "Kieler Open 2017-B"]
[Site "Kiel"]
[Date "2017.08.03"]
[Round "8.21"]
[White "Salwasser, Andrej"]
[Black "Schwerdt, Karsten"]
[Result "0-1"]
[WhiteElo "1081"]
[BlackElo "951"]
[Annotator "RW"]
[PlyCount "136"]

1.e4 e5 2.Nf3 d6 3.d4 exd4 4.Bc4 Be6 5.Qxd4 h6 6.Bxe6 fxe6 7.e5 Nc6 8.Qa4 Qd7
9.0-0 d5 10.Be3 a6 11.Nc3 0-0-0 12.Rad1 g5 13.h3 Bg7 14.b4 Nxe5 15.Bd4 Nxf3+
16.gxf3 Qxa4 17.Nxa4 Bxd4 18.Rxd4 Ne7 19.Re1 Rd6 20.Rd2 Nc6 21.a3 Rf8 22.Kg2
a5 23.b5 Na7 24.Rb1 b6 25.Nc3 Rf4 26.a4 Rc4 27.Rb3 d4 28.Ne4 Rd8 29.Ra3 Kb7
30.c3 e5 31.Kf1 d3 32.Ke1 Nc8 33.Ra1 Ne7 34.Rad1 Nf5 35.Rxd3 Rf8 36.Ra1 Nh4
37.Ke2 Ng2 38.Kd2 Nh4 39.Ke2 Nxf3 40.Rd7 Rxe4+ 41.Kd3 Re1 42.Rxe1 Nxe1+ 43.Ke2
Ng2 44.f3 Nf4+ 45.Ke3 Nxh3 46.Rh7 Rf6 47.Ke4 Rf4+ 48.Ke3 Rh4 49.Re7 Rxa4
50.Rxe5 Rh4 51.Re4 Ng1 52.Kf2 Nh3+ 53.Kg3 Rxe4 54.fxe4 Nf4 55.e5 a4 56.c4 a3
57.Kg4 a2 58.Kf5 a1Q 59.Kf6 Qd4 60.Kg7 Qxe5+ 61.Kxh6 g4 62.Kh7 g3 63.Kg8 Qf5
64.c5 bxc5 65.b6 cxb6 66.Kh8 g2 67.Kg8 g1R+ 68.Kh8 Qh5#
0-1

[Event "Kieler Open 2017-B"]
[Site "Kiel"]
[Date "2017.08.03"]
[Round "8.24"]
[White "van Foreest, Nanne"]
[Black "Röhl, Manfred"]
[Result "0-1"]
[WhiteElo "1244"]
[BlackElo "1781"]
[Annotator "RW"]
[PlyCount "50"]

1.e4 e5 2.Nf3 Nc6 3.Bc4 Be7 4.d4 exd4 5.Nxd4 Bf6 6.Nxc6 bxc6 7.e5 Qe7 8.0-0
Bxe5 9.Re1 Kf8 10.f4 Qc5+ 11.Kh1 Bd6 12.Qe2 Nf6 13.Be3 Qh5 14.Qxh5 Nxh5 15.g3
Bb7 16.Nc3 Nf6 17.Kg1 h5 18.Bf1 h4 19.Ne2 Ng4 20.Bd2 Bc5+ 21.Kh1 hxg3 22.h3 Bf2
23.Bg2 Bxe1 24.Rxe1 Nf2+ 25.Kg1 Nxh3+
0-1

[Event "Kieler Open 2017-B"]
[Site "Kiel"]
[Date "2017.08.04"]
[Round "9.1"]
[White "Kreutz, Ralf"]
[Black "Werner, René"]
[Result "0-1"]
[WhiteElo "1666"]
[BlackElo "1874"]
[Annotator "hjh"]
[PlyCount "106"]

1. e4 c5 2. Nc3 d6 3. f4 Nf6 4. Nf3 e6 5. d4 cxd4 6. Nxd4 Be7 7. Bd3 Nc6 8. Bb5
Qc7 9. Qf3 O-O 10. Be3 a6 11. Bxc6 bxc6 12. O-O c5 13. Nde2 Bb7 14. Ng3 d5 15.
Bd2 d4 16. Nd1 Nxe4 17. Qe2 Qc6 18. Nxe4 Qxe4 19. Qxe4 Bxe4 20. c3 Bf6 21. Nf2
Bc6 22. Ng4 Bd8 23. Ne5 Rc8 24. Rfd1 Be7 25. Rac1 Rfd8 26. Kf2 Bd5 27. a3 Bb3
28. Re1 f6 29. Nf3 d3 30. c4 Kf7 31. Re3 Rd7 32. Rc3 Bc2 33. Ne1 Rcd8 34. Kf3
f5 35. Kf2 Bf6 36. Re5 Bxe5 37. fxe5 Rb8 38. Ke3 Rxb2 39. Nxd3 Bxd3 40. Rxd3
Rxd3+ 41. Kxd3 Rb3+ 42. Ke2 Rxa3 43. Be3 Rc3 44. Bxc5 Rxc4 45. Bd6 Rc2+ 46. Kf3
g5 47. h3 h5 48. g3 Kg6 49. h4 Rc3+ 50. Kf2 a5 51. hxg5 Kxg5 52. Be7+ Kg4 53.
Bd8 a4 0-1

[Event "Kieler Open 2017-B"]
[Site "Kiel"]
[Date "2017.08.04"]
[Round "9.2"]
[White "Schwerdt, Alwin Elias"]
[Black "Bahr, Arne"]
[Result "0-1"]
[WhiteElo "1553"]
[BlackElo "1667"]
[Annotator "hjh"]
[Annotator "hjh"]
[PlyCount "118"]

1. e4 g6 2. d4 Nf6 3. Nc3 d5 4. e5 Nh5 5. Nf3 a6 6. Be2 Ng7 7. O-O h5 8. Re1
Bg4 9. Ng5 Bxe2 10. Qxe2 e6 11. Qf3 Nf5 12. Ne2 Be7 13. h4 O-O 14. g3 c5 15.
dxc5 Bxc5 16. c3 Nc6 17. Nf4 Ng7 18. Qd3 Ne7 19. b4 Ba7 20. Kg2 Rc8 21. Bd2
Nef5 22. Rh1 Qb6 23. Raf1 Qc6 24. f3 Qc4 25. Qxc4 Rxc4 26. Rc1 Rfc8 27. Rhe1 d4
28. Ne4 dxc3 29. Rxc3 Rxc3 30. Nxc3 Bd4 31. Rc1 Bxe5 32. Ne4 Rxc1 33. Bxc1 Ne7
34. Nc5 Bc3 35. a3 e5 36. Ne2 Bd4 37. Nxb7 Ne6 38. Nxd4 exd4 39. Nc5 Nxc5 40.
bxc5 Nc6 41. Bb2 Kf8 42. Kf2 Ke7 43. a4 Ke6 44. Ke2 Kd5 45. Ba3 Kc4 46. Bb2
Kxc5 47. Kd3 f5 48. f4 Nb4+ 49. Kd2 Kc4 50. a5 Nc6 51. Ba1 Nxa5 52. Bb2 Nb3+
53. Kc2 d3+ 54. Kd1 Nc5 55. Bg7 Ne4 56. Be5 a5 57. Bg7 a4 58. Bh8 a3 59. Bg7
Nc3+ 0-1

[Event "Kieler Open 2017-B"]
[Site "Kiel"]
[Date "2017.08.04"]
[Round "9.3"]
[White "Gerigk, Daniel"]
[Black "Plichta, Hans-Reiner"]
[Result "1-0"]
[WhiteElo "1626"]
[BlackElo "1837"]
[Annotator "hjh"]
[PlyCount "123"]

1. e4 c5 2. Nf3 Nc6 3. d4 cxd4 4. Nxd4 Nf6 5. Nc3 e5 6. Nb3 Be7 7. f3 O-O 8.
Be3 Bb4 9. a3 Bxc3+ 10. bxc3 d5 11. exd5 Nxd5 12. Qd2 Nxe3 13. Qxe3 e4 14. fxe4
Bg4 15. Be2 Bxe2 16. Qxe2 Qf6 17. Qf3 Qh4+ 18. g3 Qh3 19. O-O-O Ne5 20. Qf5
Qh6+ 21. Qf4 Qe6 22. Rd4 Qe7 23. Kb2 Rac8 24. Nd2 Qc5 25. Qe3 Rc6 26. Re1 Rfc8
27. c4 Qb6+ 28. Kc3 Qa6 29. Kb2 f6 30. Kc1 b5 31. Rd1 bxc4 32. Nf3 Qb6 33. Qc3
Nxf3 34. Qxf3 c3 35. Rb4 Qa5 36. Rb3 Rb6 37. Rd5 Rc5 38. Rxc5 Qxc5 39. Qxc3
Qg1+ 40. Kb2 Qxh2 41. Rxb6 axb6 42. Qc8+ Kf7 43. Qc7+ Kg6 44. Qxb6 Qxg3 45. Qb5
h5 46. a4 h4 47. a5 h3 48. a6 h2 49. a7 h1=Q 50. Qf5+ Kf7 51. a8=Q Qc7 52.
Qfd5+ Kg6 53. Qe8+ Kh7 54. Qdg8+ Kh6 55. Qh8+ Kg5 56. Qxh1 Qb6+ 57. Kc3 Qe3+
58. Kc4 Qe2+ 59. Kd5 Qd2+ 60. Ke6 Qc3 61. Qeh5+ Kf4 62. Q5h4+ 1-0

[Event "Kieler Open 2017-B"]
[Site "Kiel"]
[Date "2017.08.04"]
[Round "9.4"]
[White "Günther, Emil"]
[Black "Salwasser, Christian"]
[Result "0-1"]
[WhiteElo "1648"]
[BlackElo "1658"]
[Annotator "hjh"]
[PlyCount "44"]

1. d4 d5 2. c4 e6 3. Nc3 Nf6 4. Nf3 c5 5. dxc5 Bxc5 6. Bg5 Qb6 7. Qc2 Bxf2+ 8.
Kd1 Ng4 9. h3 Ne3+ 10. Bxe3 Bxe3 11. cxd5 O-O 12. Ne1 exd5 13. Nd3 Rd8 14. g4
d4 15. Ne4 Nc6 16. a3 Be6 17. b4 Bd5 18. Bg2 Rac8 19. Ndc5 Qb5 20. Rf1 b6 21.
Nd3 Nxb4 22. Qb2 Qa4+ 0-1

[Event "Kieler Open 2017-B"]
[Site "Kiel"]
[Date "2017.08.04"]
[Round "9.5"]
[White "Zechel, Rolf-Rüdiger"]
[Black "Steinbach, Julian"]
[Result "1-0"]
[WhiteElo "1707"]
[BlackElo "1274"]
[Annotator "hjh"]
[PlyCount "59"]

1. d4 d5 2. Nf3 Nf6 3. Bf4 Bf5 4. e3 e6 5. c4 c6 6. Qb3 Qb6 7. c5 Qxb3 8. axb3
Nbd7 9. h3 a5 10. Nc3 Be7 11. b4 Bd8 12. Be2 O-O 13. O-O b6 14. Bd6 Re8 15.
bxa5 bxa5 16. b4 Ne4 17. Nxe4 dxe4 18. Ne5 Nxe5 19. Bxe5 Bf6 20. Bxf6 gxf6 21.
bxa5 Reb8 22. a6 Rb2 23. Rfe1 e5 24. Rab1 Rab8 25. Rxb2 Rxb2 26. Ra1 Bc8 27.
Bg4 f5 28. Bxf5 Rb8 29. a7 Ra8 30. Bxc8 1-0

[Event "Kieler Open 2017-B"]
[Site "Kiel"]
[Date "2017.08.04"]
[Round "9.6"]
[White "Ebeling, Hans-Jürgen"]
[Black "Sowa, Kay"]
[Result "1/2-1/2"]
[WhiteElo "1584"]
[BlackElo "1713"]
[Annotator "hjh"]
[PlyCount "67"]

1. e4 d6 2. d4 Nf6 3. Nc3 Nbd7 4. Nf3 e5 5. dxe5 dxe5 6. a3 c6 7. Bc4 Be7 8.
O-O Qc7 9. Be3 O-O 10. Qe2 b5 11. Bd3 a5 12. Na2 Rd8 13. c4 bxc4 14. Bxc4 Nxe4
15. Nc3 Nxc3 16. bxc3 e4 17. Nd4 Nb6 18. Ba2 Ba6 19. c4 Bxa3 20. Rab1 Bb4 21.
Rfc1 c5 22. Nf5 Qe5 23. Qg4 Bc8 24. Nh6+ Kf8 25. Qh4 Qe7 26. Qg3 Qe6 27. Rd1
Rxd1+ 28. Rxd1 Bd7 29. Rd6 Qe7 30. Rxb6 Rc8 31. Rb8 Rxb8 32. Qxb8+ Qe8 33. Qd6+
Qe7 34. Qb8+ 1/2-1/2

[Event "Kieler Open 2017-B"]
[Site "Kiel"]
[Date "2017.08.04"]
[Round "9.7"]
[White "Zielke, Bernd"]
[Black "Rempe, Janne"]
[Result "1-0"]
[WhiteElo "1686"]
[BlackElo "1237"]
[Annotator "hjh"]
[PlyCount "113"]

1. b4 d6 2. Bb2 Nf6 3. c4 Nbd7 4. e3 e5 5. d3 c6 6. Nd2 Be7 7. Ngf3 O-O 8. Be2
Re8 9. Qc2 a5 10. a3 b6 11. O-O d5 12. Bc3 e4 13. dxe4 dxe4 14. Nxe4 Nxe4 15.
Qxe4 Bxb4 16. Qc2 Bd6 17. Rfd1 Qe7 18. Qb2 b5 19. cxb5 cxb5 20. Bxb5 Rb8 21. a4
Bb7 22. Qe2 Rbc8 23. Bxa5 Ra8 24. Bc3 Rec8 25. Bd4 Qe6 26. Rdc1 Rxc1+ 27. Rxc1
Rd8 28. Ne1 Qh6 29. g3 Nf6 30. f4 Ne4 31. Ng2 Ba3 32. Rc2 Qd6 33. Bd3 Nc5 34.
Bxc5 Bxc5 35. Bb5 Be4 36. Ra2 Qd5 37. Ne1 Bxe3+ 38. Qxe3 Qxa2 39. Qxe4 Qa1 40.
Kg2 g6 41. Nf3 Qa2+ 42. Qe2 Qd5 43. g4 Rc8 44. Kg3 h5 45. h3 Rc3 46. gxh5 Qxh5
47. Qe8+ Kh7 48. Qxf7+ Kh6 49. Qf8+ Kh7 50. Qe7+ Kg8 51. Qe6+ Kh7 52. Qg4 Qc5
53. Be8 Qg1+ 54. Kh4 Qf2+ 55. Kg5 Rxf3 56. Bxg6+ Kh8 57. Qc8+ 1-0

[Event "Kieler Open 2017-B"]
[Site "Kiel"]
[Date "2017.08.04"]
[Round "9.8"]
[White "Korte, Andreas"]
[Black "Koch, Ralf-Johannes"]
[Result "0-1"]
[WhiteElo "1534"]
[BlackElo "1787"]
[Annotator "hjh"]
[PlyCount "112"]

1. c4 Nf6 2. g3 d5 3. Bg2 c6 4. b3 e5 5. Ba3 Bxa3 6. Nxa3 O-O 7. e3 Bg4 8. Ne2
d4 9. h3 Bf5 10. O-O Qa5 11. Qc1 Rd8 12. exd4 exd4 13. g4 Bg6 14. Nf4 Be4 15.
f3 Bg6 16. Nxg6 hxg6 17. d3 Re8 18. Nc2 Qb6 19. Qf4 c5 20. Rfe1 Nc6 21. Qd2 Qc7
22. Rab1 Qg3 23. Qf2 Qf4 24. Rbd1 {(=)} Re5 25. Qd2 Qxd2 26. Rxd2 Rae8 27. Rxe5
Rxe5 28. f4 Re6 29. Kf2 Nd8 30. Ne1 Nc6 31. Nf3 Re7 32. Ng5 Nd8 33. Ne4 b6 34.
Re2 Kf8 35. Nxf6 Rxe2+ 36. Kxe2 gxf6 37. Bd5 Ke7 38. f5 g5 39. Kf3 Kd6 40. Kg3
Nc6 41. Bxc6 Kxc6 42. a4 a5 43. Kf3 Kd7 44. Kg3 Kd6 45. h4 gxh4+ 46. Kxh4 Ke5
47. Kg3 Kd6 48. Kf4 Ke7 49. g5 fxg5+ 50. Kxg5 Kf8 51. Kf6 Ke8 52. Kg7 Ke7 53.
f6+ Ke6 54. Kh6 Kxf6 55. Kh5 Kf5 56. Kh4 Kf4 0-1

[Event "Kieler Open 2017-B"]
[Site "Kiel"]
[Date "2017.08.04"]
[Round "9.10"]
[White "Gerull, Dirk"]
[Black "Möller, Rainer"]
[Result "1-0"]
[WhiteElo "1558"]
[BlackElo "1414"]
[Annotator "hjh"]
[PlyCount "65"]

1. d4 Nf6 2. Nf3 e6 3. Bf4 d6 4. c3 g6 5. e3 Bg7 6. Qc2 O-O 7. Nbd2 Nc6 8.
O-O-O Nh5 9. Bg5 Bf6 10. g4 Ng7 11. Bh6 e5 12. g5 Be7 13. h4 exd4 14. exd4 d5
15. h5 Bf5 16. Bd3 Qd7 17. Bxf5 Qxf5 18. Qxf5 gxf5 19. Rde1 Rfe8 20. Bxg7 Kxg7
21. Rhg1 Rg8 22. Nh4 Kh8 23. f4 Bf8 24. Nxf5 Rd8 25. Nf3 Rd7 26. Ne5 Nxe5 27.
dxe5 Bc5 28. Rg2 Rgd8 29. g6 fxg6 30. e6 gxf5 31. exd7 Rxd7 32. Re8+ Bf8 33.
Rxf8# 1-0

[Event "Kieler Open 2017-B"]
[Site "Kiel"]
[Date "2017.08.04"]
[Round "9.10"]
[White "Dao, Joerg"]
[Black "Müller, Bodo"]
[Result "1-0"]
[WhiteElo "1489"]
[BlackElo "1449"]
[Annotator "hjh"]
[PlyCount "44"]

1. h4 e5 2. e4 Nf6 3. d3 d5 4. f3 Be7 5. g4 dxe4 6. dxe4 Qxd1+ 7. Kxd1 Be6 8.
c3 Nbd7 9. Be3 a6 10. Nd2 Rd8 11. Kc2 b5 12. b3 h6 13. Ne2 Nb8 14. Ng3 Nfd7 15.
b4 c5 16. a3 Rc8 17. Kb2 Nb6 18. Nb1 Nc4+ 19. Bxc4 Bxc4 20. Rd1 Be6 21. h5 O-O
22. Nf5 Bxf5 {(48 Züge)} 1-0

[Event "Kieler Open 2017-B"]
[Site "Kiel"]
[Date "2017.08.04"]
[Round "9.11"]
[White "Mandelkow, Lukas"]
[Black "Hogreve, Holger"]
[Result "1/2-1/2"]
[WhiteElo "1240"]
[BlackElo "1496"]
[Annotator "hjh"]
[PlyCount "88"]

1. d4 d5 2. e3 Nf6 3. Bd3 c5 4. c3 Bg4 5. f3 Bc8 6. f4 Nbd7 7. Nf3 e6 8. O-O
Ne4 9. Nbd2 Ndf6 10. Ne5 a6 11. Qf3 Nxd2 12. Bxd2 Be7 13. g4 Qb6 14. Bc1 Nd7
15. g5 g6 16. h4 Nxe5 17. fxe5 Rf8 18. h5 Bxg5 19. hxg6 hxg6 20. Bxg6 Kd8 21.
Qh5 Be7 22. Rxf7 Rxf7 23. Bxf7 Kd7 24. Be8+ Kc7 25. Qf7 Kd8 26. Ba4 Bd7 27.
Qg8+ Kc7 28. Qxa8 Bxa4 29. Qg8 Bc2 30. Qf7 Kd7 31. Qf2 Bf5 32. e4 Bxe4 33. Be3
c4 34. Qh2 Qd8 35. Kf2 Qb6 36. Ke1 Qd8 37. b3 b5 38. b4 Bh4+ 39. Bf2 Be7 40. a3
Qf8 41. Bh4 Bxh4+ 42. Qxh4 Qf3 43. Rc1 Qe3+ 44. Kd1 Bd3 1/2-1/2

[Event "Kieler Open 2017-B"]
[Site "Kiel"]
[Date "2017.08.04"]
[Round "9.12"]
[White "Aden, Tönjes"]
[Black "Keir, Robin"]
[Result "1-0"]
[WhiteElo "1390"]
[BlackElo "1594"]
[Annotator "hjh"]
[PlyCount "41"]

1. e4 c5 2. d4 cxd4 3. c3 d5 4. Qxd4 Nc6 5. Qxd5 Qxd5 6. exd5 Ne5 7. Bf4 Ng6 8.
Bg3 Nf6 9. Bc4 Ne4 10. Nf3 Nxg3 11. fxg3 e6 12. dxe6 Bxe6 13. Bb3 Bxb3 14. axb3
Bc5 15. Nbd2 O-O-O 16. O-O-O Rhe8 17. Rhe1 Be3 18. Re2 f6 19. Kc2 b6 20. Ra1
Rd7 $2 21. Nc4 $3 1-0

[Event "Kieler Open 2017-B"]
[Site "Kiel"]
[Date "2017.08.04"]
[Round "9.14"]
[White "Fuhrmann, Bahne"]
[Black "Solodky, Willy"]
[Result "0-1"]
[WhiteElo "1508"]
[BlackElo "1395"]
[Annotator "hjh"]
[PlyCount "74"]

1. e4 e5 2. Nf3 Nc6 3. Bc4 Bc5 4. c3 Nf6 5. d3 d6 6. Nbd2 Bg4 7. h3 Bh5 8. Nf1
Na5 9. Bb5+ c6 10. Ba4 b5 11. Bc2 Bb6 12. Ng3 Bxf3 13. Qxf3 h6 14. Nf5 Rh7 15.
Qg3 Nh5 16. Qg4 g6 17. Bxh6 Qd7 18. Ng7+ Nxg7 19. Qg5 Bd8 20. Qd2 Qe7 21. Be3
a6 22. O-O Qh4 23. d4 Nc4 24. Qc1 Nxe3 25. Qxe3 Bb6 26. Qd3 Rd8 27. Bb3 Nh5 28.
Qf3 Nf4 29. Kh2 Qg5 30. Rfd1 Ke7 31. a4 f5 32. exf5 gxf5 33. Qxc6 e4 34. Rg1
Rb8 35. a5 Qh4 36. axb6 Qxh3+ 37. gxh3 Rxh3# 0-1

[Event "Kieler Open 2017-B"]
[Site "Kiel"]
[Date "2017.08.04"]
[Round "9.15"]
[White "Howe, Dietrich"]
[Black "Schwerdt, Anton Gabriel"]
[Result "0-1"]
[WhiteElo "1508"]
[BlackElo "1488"]
[Annotator "hjh"]
[PlyCount "74"]

1. Nf3 Nf6 2. c4 d6 3. g3 Bf5 4. Bg2 Nc6 5. a3 e5 6. d3 h6 7. O-O Be7 8. Nc3
O-O 9. Qe1 d5 10. cxd5 Nxd5 11. e4 Nxc3 12. Qxc3 Bg6 13. Be3 Bf6 14. Rfd1 Bh5
15. Rac1 Nd4 16. Bxd4 exd4 17. Qxc7 Rb8 18. Re1 Bxf3 19. Bxf3 Bg5 20. Rc4 Qf6
21. Bg2 b5 22. Rc6 Rfc8 23. e5 Qxc6 24. Bxc6 Rxc7 25. Bd5 Rc1 26. Kf1 Rxe1+ 27.
Kxe1 Bc1 28. b4 Bxa3 29. e6 Re8 30. Kd1 fxe6 31. Bc6 Rb8 32. f4 Bxb4 33. Bd7
Rb6 34. g4 a5 35. f5 exf5 36. gxf5 a4 37. Be6+ Kf8 0-1

[Event "Kieler Open 2017-B"]
[Site "Kiel"]
[Date "2017.08.04"]
[Round "9.16"]
[White "Schwerdt, Karsten"]
[Black "Rempe, Mieke"]
[Result "1/2-1/2"]
[WhiteElo "951"]
[BlackElo "1393"]
[Annotator "hjh"]
[PlyCount "131"]

1. e4 e5 2. Bc4 Nf6 3. Nc3 Nxe4 4. Qe2 Nxc3 5. bxc3 d6 6. d3 Qf6 7. Bd2 Be6 8.
Bxe6 Qxe6 9. c4 d5 10. cxd5 Qxd5 11. Nf3 Bd6 12. O-O O-O 13. Rfe1 Nc6 14. Bc3
Rfe8 15. Qd2 Re6 16. Ng5 Rg6 17. f3 h6 18. Ne4 Nd4 19. Qf2 Nb5 20. Bb2 Na3 21.
Nxd6 Qxd6 22. Bxe5 Qc6 23. Rac1 Re8 24. Bb2 Rxe1+ 25. Rxe1 Nb5 26. c4 Nd6 27.
Bd4 Nf5 28. Bxa7 b6 29. c5 Qb7 30. cxb6 cxb6 31. Bxb6 Rxb6 32. g4 Nd6 33. a4
Rb1 34. Kg2 Rxe1 35. Qxe1 Qb2+ 36. Kg3 Qb8 37. Kg2 Qb3 38. Qe7 Qxd3 39. a5 Qa6
40. Qd8+ Kh7 41. Qc7 f6 42. Kg3 Nc4 43. Qc5 Qd6+ 44. Qxd6 Nxd6 45. Kf4 Nc8 46.
Ke4 h5 47. h3 hxg4 48. hxg4 Kg6 49. f4 Kf7 50. Kd5 Ke7 51. Kc6 Kd8 52. Kb7 Kd7
53. a6 Kd8 54. Kc6 Na7+ 55. Kb7 Nb5 56. Kc6 Nc7 57. a7 Kc8 58. Kb6 Nd5+ 59. Ka6
Kd7 60. f5 Kd6 61. Kb7 Nc7 62. Kb6 Na8+ 63. Kb7 Nc7 64. Kb6 Kd7 65. Kb7 Kd8 66.
Kb8 1/2-1/2

[Event "Kieler Open 2017-B"]
[Site "Kiel"]
[Date "2017.08.04"]
[Round "9.17"]
[White "Voges, Jens Christian"]
[Black "Weck, Uwe"]
[Result "0-1"]
[WhiteElo "1250"]
[BlackElo "1618"]
[Annotator "hjh"]
[PlyCount "62"]

1. d4 Nf6 2. c4 d5 3. Nc3 e6 4. Nf3 Bb4 5. Qc2 O-O 6. Bg5 h6 7. Bd2 c6 8. e3
Nbd7 9. Bd3 Re8 10. O-O dxc4 11. Bxc4 Nb6 12. Bd3 Qc7 13. a3 Bxc3 14. Bxc3 Nbd5
15. Rfe1 Bd7 16. Ne5 Rac8 17. Rac1 b5 18. b4 Red8 19. h3 Be8 20. f3 Nd7 21.
Nxd7 Bxd7 22. Qf2 f5 23. g4 Rf8 24. Qg2 f4 25. Bd2 g5 26. Rcd1 fxe3 27. Bxe3
Nxe3 28. Rxe3 Qf4 29. Re4 Qxf3 30. Qxf3 Rxf3 31. Kg2 Rcf8 0-1

[Event "Kieler Open 2017-B"]
[Site "Kiel"]
[Date "2017.08.04"]
[Round "9.18"]
[White "Schulze, Lukas"]
[Black "Höfken, Fynn-Lukas"]
[Result "1/2-1/2"]
[WhiteElo "1408"]
[BlackElo "792"]
[Annotator "hjh"]
[PlyCount "76"]

1. e4 e5 2. Nf3 Nc6 3. Bb5 Nf6 4. Nc3 Bc5 5. O-O O-O 6. d3 d6 7. Re1 Bb4 8. Bd2
Qd7 9. a3 Bxc3 10. Bxc3 Nh5 11. d4 Nf4 12. d5 Qg4 13. Bf1 Qh5 14. dxc6 bxc6 15.
Rb1 Bg4 16. Ba5 Bxf3 17. Qxf3 Qxf3 18. gxf3 Ne6 19. b4 Rab8 20. b5 cxb5 21.
Bxb5 Rb7 22. c4 Nd4 23. Kg2 c6 24. Ba6 Rxb1 25. Rxb1 c5 26. Bc7 Nc2 27. a4 Nb4
28. Bxd6 Rd8 29. Bb5 Rxd6 30. a5 a6 31. Ba4 g6 32. h4 Nc6 33. Kg3 f6 34. Kg4
Nb4 35. h5 Kg7 36. Be8 Re6 37. h6+ Kxh6 38. Rh1+ Kg7 1/2-1/2

[Event "Kieler Open 2017-B"]
[Site "Kiel"]
[Date "2017.08.04"]
[Round "9.20"]
[White "Röhl, Manfred"]
[Black "Viol, Joshua"]
[Result "1-0"]
[WhiteElo "1781"]
[BlackElo "1612"]
[Annotator "hjh"]
[PlyCount "49"]

1. d4 d5 2. e3 Nf6 3. Nf3 Bg4 4. Nbd2 e6 5. Bd3 c5 6. c3 Nc6 7. O-O cxd4 8.
exd4 Bd6 9. Re1 O-O 10. Be2 Qc7 11. Nf1 h6 12. Be3 Rfe8 13. Rc1 e5 14. dxe5
Nxe5 15. Bd4 Nxf3+ 16. gxf3 Bh3 17. Ne3 Bxh2+ 18. Kh1 Rad8 19. Bxf6 gxf6 20.
Qd4 Qf4 21. Nxd5 Rxd5 22. Qxd5 Rxe2 23. Rg1+ Bxg1 24. Rxg1+ Kh7 25. Qxf7+ 1-0